UM Logo

Cost accounting: (Record no. 4804)

MARC details
000 -LEADER
fixed length control field 00682nam a22001937a 4500
008 - FIXED-LENGTH DATA ELEMENTS--GENERAL INFORMATION
fixed length control field 160924b xxu||||| |||| 00| 0 eng d
020 ## - INTERNATIONAL STANDARD BOOK NUMBER
International Standard Book Number 9812434259
082 ## - DEWEY DECIMAL CLASSIFICATION NUMBER
Edition number 2003
Classification number DC 657.42
Item number B23
100 ## - MAIN ENTRY--PERSONAL NAME
9 (RLIN) 15202
Personal name Barfield, Jesse T.
245 ## - TITLE STATEMENT
Title Cost accounting:
Remainder of title traditions and innovations/
Statement of responsibility, etc. Jesse T. Barfield, Cecily A. Raiborn and Michael R. Kinney
250 ## - EDITION STATEMENT
Edition statement 5th edition
260 ## - PUBLICATION, DISTRIBUTION, ETC. (IMPRINT)
Place of publication, distribution, etc. Australia:
Name of publisher, distributor, etc. South-Western Col. Pub.,
Date of publication, distribution, etc. c2003.
300 ## - PHYSICAL DESCRIPTION
Extent xviii, 890 pages:
Other physical details illustrations;
Dimensions 25 cm.
500 ## - GENERAL NOTE
General note Includes index.
650 #0 - SUBJECT ADDED ENTRY--TOPICAL TERM
9 (RLIN) 15203
Topical term or geographic name as entry element Cost accounting
700 ## - ADDED ENTRY--PERSONAL NAME
9 (RLIN) 15204
Personal name Raiborn, Cecily A.
Relator term Author
700 ## - ADDED ENTRY--PERSONAL NAME
9 (RLIN) 15205
Personal name Kinney, Michael R.
Relator term Author
942 ## - ADDED ENTRY ELEMENTS (KOHA)
Source of classification or shelving scheme Dewey Decimal Classification
Koha item type Circulation
Holdings
Withdrawn status Lost status Source of classification or shelving scheme Damaged status Not for loan Collection code Home library Current library Shelving location Date acquired Source of acquisition Total Checkouts Full call number Barcode Date last seen Date last checked out Copy number Price effective from Koha item type
    Dewey Decimal Classification     Circulation UM Digos College - LIC UM Digos College - LIC Book Cart 07/02/2004 Donated 10 DC 657.42 B23 2003 17336 05/15/2025 10/07/2019 1 09/24/2016 Circulation
    Dewey Decimal Classification     Circulation UM Digos College - LIC UM Digos College - LIC Book Cart 07/02/2004 Donated 1 DC 657.42 B23 2003 17337 05/15/2025 09/04/2018 2 09/24/2016 Circulation